[Event "Budapest FS11 IM"]
[Site "Budapest"]
[Date "2021.11.08"]
[Round "3"]
[White "Lyell, Mark"]
[Black "Walker, Martin Graham"]
[Result "0-1"]
[WhiteElo "2108"]
[BlackElo "2196"]
[PlyCount "106"]
[EventDate "2021.11.06"]
[EventType "tourn"]
[EventRounds "11"]
[EventCountry "HUN"]
[EventCategory "1"]
[SourceTitle "CBM 205 Extra"]
[Source "ChessBase"]
[SourceDate "2022.01.31"]
[SourceVersion "1"]
[SourceVersionDate "2022.01.31"]
[SourceQuality "1"]

1. e4 Nf6 2. e5 Nd5 3. d4 d6 4. Nf3 dxe5 5. Nxe5 g6 6. Bc4 c6 7. h4 f6 8. Ng4 Nb6 9. Be2 Bxg4 10. Bxg4 f5 11. Be2 Bg7 12. c3 e5 13. dxe5 Qxd1+ 14. Bxd1 Bxe5 15. Nd2 N8d7 16. Nf3 Bf6 17. Be2 0-0-0 18. Kf1 Nc5 19. Bg5 Ne4 20. Bxf6 Nxf6 21. g3 Na4 22. Rb1 Ne4 23. Kg2 Nd2 24. Rbd1 Nxf3 25. Kxf3 Nxb2 26. Rd4 Rxd4 27. cxd4 Rd8 28. Rb1 Na4 29. Rb4 b5 30. Ke3 Nb6 31. Rb1 a5 32. Bf3 Kc7 33. Bg2 Nc4+ 34. Kd3 Ne5+ 35. Ke3 Ng4+ 36. Kf3 Rxd4 37. Re1 Rd2 38. Re2 Rxe2 39. Kxe2 Kd6 40. h5 Nf6 41. hxg6 hxg6 42. Ke3 Nd5+ 43. Kd2 c5 44. Bf1 c4 45. a4 c3+ 46. Kc2 b4 47. Bd3 Ke5 48. Bb5 g5 49. Bc6 Nf6 50. f3 Nh5 51. g4 fxg4 52. fxg4 Nf6 53. Bf3 Kf4 0-1